Rosco - Futbol #3 - Estadísticas

Estadísticas generales
  • Esta prueba ha sido intentada 899 veces
  • La puntuación promedio es 20 de 26
Estadísticas de respuestas
Letra Enunciado Respuesta % Correcto
A Equipo actual de Julián Alvarez Atlético Madrid
99%
E Selección con más Eurocopa ganadas España
99%
B Selección campeona en la Copa del Mundo en 1962 Brasil
97%
D Nombre y apellido del máximo goleador español en la Copa del Mundo David Villa
93%
M Nacionalidad de Yassine Bounou Marruecos
93%
C Nombre y apellido del arquero/portero que fue bicampeón de la Copa América con la selección chilena Claudio Bravo
91%
U Nacionalidad de Edison Cavani Uruguay
90%
V Jugador del Real Madrid que utiliza el dorsal ‘7’ Vinicius Junior
88%
L Equipo en donde debuto Pedro González (conocido popularmente como “Pedri”) Las Palmas
86%
K Nombre y apellido del lateral ingles que se encuentra actualmente en el Manchester City, siendo uno de los mejores jugadores en su posición de la actualidad Kyle Walker
85%
F Equipo campeón de la Copa Libertadores en el año 2023 Fluminense
83%
N Equipo actual en donde juega Keiran Trippier Newcastle
81%
Y Exjugador marfileño que tuvo sus pasos más recordados por FC Barcelona y Manchester City Yaya Toure
80%
Z Nombre y apellido del ganador del balón de oro en 1998 Zinedine Zidane
80%
G Nombre y apellido del exjugador apodado “Batigol” Gabriel Batistuta
79%
X Jugador actual que posee contrato con el Paris Saint-Germain, pero actualmente se encuentra cedido en RasenBallsport Leipzig Xavi Simons
75%
W Nombre y apellido del máximo goleador de la historia del Manchester United, con 250 goles en total Wayne Rooney
74%
J Ultimo ganador del Golden Boy (2023), mencione su nombre y apellido Jude Bellingham
71%
T Nombre popular, de la técnica acrobática que consiste en que el jugador salta en el aire y, mientras está en suspensión, ejecuta una especie de patada cruzada al balón Tijera
71%
H Equipo campeón de la Primera División de Italia (“Serie A”) en la temporada 1984-85 Hellas Verona
65%
R Equipo en el que debutó el exfutbolista Alfredo Di Stefano River Plate
65%
O Ganador de la UEFA Conference League en la temporada 2023/24 Olympiacos
50%
P Apodo de los exjugadores Ubaldo Fillol y Roberto Abbondanzieri Pato
48%
Q Equipo de Azerbaiyán que disputo 7 veces la Champions League Qarabag
48%
I Nombre y apellido del máximo goleador del Liverpool, con 346 goles en total Ian Rush
42%
S Nombre y apellido del primer jugador en obtener Balon de oro, entregado en 1956 por la revista francesa “France Football” Stanley Matthews
23%
No se encontraron pruebas coincidentes
Distribución de puntuación
Porcentaje de gente con cada puntuación
Porcentaje por número respondido
Historial de tus puntuaciones
No has intentado esta prueba.